00429nam a2200145Ia 4500082002100000100002400021245004400045260005500089300001000144500002600154650002900180650001500209650002900224650003000253 a307.720954 ABR-; aAbraham, M. Francis 0aDynamics of leadership in village India aAllahabadbIndian International Publicationsc1974 a116p. aIncludes bibliography aIndia - Rural conditions aLeadership aSociology, Rural - India aSocial psychology - India